| 000 | 00689nam a22001937a 4500 | ||
|---|---|---|---|
| 005 | 20170314101336.0 | ||
| 010 | _aENG-117227 | ||
| 020 |
_a9789386062260 _c795.00 |
||
| 035 | _aEN-100759 | ||
| 037 | _bDBAD/PUB | ||
| 082 | 0 | 0 | _a372.374 |
| 100 | _aBeaudoin,Marie-Nathalie | ||
| 245 |
_aBoosting all children's social and emotional brain power : _cby Marie-Nathalie Beaudoin _blife transforming activities / |
||
| 260 |
_aNew Delhi _bSAGE Publications _c2017 |
||
| 270 |
_aB1/I-1 Mohan Cooperative Industrial Area, Mathura Road _bNew Delhi _e110044 |
||
| 300 |
_aix,235p. : _c24cm(pbk) _bill |
||
| 500 | _aIncludes reference and index | ||
| 942 |
_2ddc _cEN _h372.374 _mBEA |
||
| 999 |
_c137556 _d137556 |
||